000 00997cam a2200217 4500
001 WB3935-11
008 030917n2003 000 0 eng u
035 _a(Sirsi) u123637
245 _aDebate London's future
260 _c2003
490 _aEstates Gazette
_v(0337) 13 September 2003, 64(1)
520 _aA debate on the future of London and the capability of its infrastructure to cope with high-density growth is to be held on 5 February 2004. Experts from the transport sector, planning and government will meet with leaders of the property industry at the second annual London Development Conference. To join the debate, t +44 (0)20 8652 8358 or register online at http://www.estatesgazettegroup.com/londondev.
590 _aWB
650 _aLONDON
650 _aTRANSPORT INFRASTRUCTURE
650 _aGOVERNMENT POLICY
650 _aHIGH DENSITY DEVELOPMENT
650 _aPLANNING POLICY
690 _aENVIRONMENTAL AND LAND CONSULTANCY-PLANNING AND DEVELOPMENT
942 _n0
999 _c73418
_d73418